| 000 | 00993nam a22003017a 4500 | ||
|---|---|---|---|
| 001 | BR9102313 | ||
| 003 | BR-BrBNA | ||
| 005 | 20230928093605.0 | ||
| 007 | ta | ||
| 008 | 230509b bl.||||| |||| 00| 0 por d | ||
| 040 |
_aBR-BrBNA _bpor _cBiblioteca Nacional de Agricultura |
||
| 041 | _a(Por) | ||
| 072 |
_aN01; N20 _b/G514 |
||
| 090 | _ N01 BR9102313 | ||
| 110 | 1 |
_aSociedade Brasileira de Engenharia Agricola, Fortaleza, CE (Brasil) _99695 |
|
| 111 | 1 |
_a14. Congresso Brasileiro de Engenharia Agricola _cFortaleza, CE (Brazil) _d23-26 Jul 1984 |
|
| 245 | 1 | _a14. Congresso Brasileiro de Engenharia Agricola. Resumos e cronograma de apresentacao de trabalhos | |
| 260 | 3 |
_aFortaleza, CE (Brasil): _c1984. |
|
| 300 | _a111 p. | ||
| 500 | _aSummary only | ||
| 650 | _aENGENHARIA AGRICOLA | ||
| 650 | _aMECANIZACAO AGRICOLA | ||
| 650 | _aAVIACAO AGRICOLA | ||
| 650 | _aINSTALACAO AGRICOLA | ||
| 650 | _aELETRIFICACAO RURAL | ||
| 909 |
_a202309 _bLucia _c55 _dLucia Elande |
||
| 942 | _cBK | ||
| 999 |
_c45877 _d45877 |
||